000 00474nam a2200181Ia 4500
001 20789
005 20260306172831.0
008 260306t2022||||xx |||||||||||||| ||spa||
041 _aESP
082 _a343.8
_bB45P
100 _aBernal Rojas, Josué Alfredo
_eAUT
245 0 _aPrincipales costos y gastos deducibles:
_bdeterminación del IR 2021
260 _c2022
300 _a127 páginas :
_c24 cm.
650 _aGEN
654 _aCCO
942 _cLIB
_dJUS
_fJUS
_2ddc
_n
999 _c20789
_d20789